{"text_format":"3","workbook":"xlsx","n_sheets":1,"sheets":["t450"],"read":"whole","date_system":"1900"}

{"sheet":"t450","index":0,"n_rows":144,"n_cols":7,"rows_kept":144,"merged":[[0,0,0,6],[30,0,30,5],[40,0,40,5],[129,0,129,5]]}
["TABELA 450.1 - Estatísticas Agrícolas, Município de Potim, Estado de São Paulo, 2007/08."]
["ITEM","UNIDADE","N.DE UPAs","MÍNIMO","MÉDIO","MÁXIMO","TOTAL"]
["Distância à sede do município","km",33,0.5,{"v":6.08,"d":"6.1"},{"v":26,"d":"26.0"},"-"]
["Área total","hectare",33,{"v":9,"d":"9.0"},{"v":173.91,"d":"173.9"},706.6,{"v":5739,"d":"5,739.0"}]
["Área com cultura perene","hectare",1,{"v":4,"d":"4.0"},{"v":4,"d":"4.0"},{"v":4,"d":"4.0"},{"v":4,"d":"4.0"}]
["Área com cultura temporária","hectare",20,0.5,24.6,{"v":120,"d":"120.0"},{"v":492,"d":"492.0"}]
["Área com pastagem","hectare",33,7.5,{"v":138.29,"d":"138.3"},{"v":688,"d":"688.0"},{"v":4563.6,"d":"4,563.6"}]
["Área com reflorestamento","hectare",4,0.5,{"v":61.13,"d":"61.1"},{"v":242,"d":"242.0"},244.5]
["Área com vegetação natural","hectare",28,{"v":1,"d":"1.0"},{"v":12.41,"d":"12.4"},{"v":81,"d":"81.0"},347.4]
["Área com vegetação de brejo e várzea","hectare","-","-","-","-",{"v":0,"d":"0.0"}]
["Área em descanso","hectare",2,{"v":9,"d":"9.0"},{"v":12,"d":"12.0"},{"v":15,"d":"15.0"},{"v":24,"d":"24.0"}]
["Área complementar","hectare",32,0.4,{"v":1.98,"d":"2.0"},{"v":10,"d":"10.0"},63.5]
["Área das UPAs com (0, 1] ha","hectare","-","-","-","-","-"]
["Área das UPAs com (1, 2] ha","hectare","-","-","-","-","-"]
["Área das UPAs com (2, 5] ha","hectare","-","-","-","-","-"]
["Área das UPAs com (5, 10] ha","hectare",1,{"v":9,"d":"9.0"},{"v":9,"d":"9.0"},{"v":9,"d":"9.0"},{"v":9,"d":"9.0"}]
["Área das UPAs com (10, 20] ha","hectare",4,{"v":14,"d":"14.0"},{"v":16.05,"d":"16.1"},{"v":20,"d":"20.0"},64.2]
["Área das UPAs com (20, 50] ha","hectare",8,22.9,34.5,47.2,{"v":276,"d":"276.0"}]
["Área das UPAs com (50, 100] ha","hectare",5,56.4,78.6,99.2,{"v":393,"d":"393.0"}]
["Área das UPAs com (100, 200] ha","hectare",6,114.5,162.2,{"v":200,"d":"200.0"},973.2]
["Área das UPAs com (200, 500] ha","hectare",4,{"v":206,"d":"206.0"},{"v":276.63,"d":"276.6"},{"v":375,"d":"375.0"},{"v":1106.5,"d":"1,106.5"}]
["Área das UPAs com (500, 1.000] ha","hectare",5,500.9,{"v":583.42,"d":"583.4"},706.6,{"v":2917.1,"d":"2,917.1"}]
["Área das UPAs com (1.000, 2.000] ha","hectare","-","-","-","-","-"]
["Área das UPAs com (2.000, 5.000] ha","hectare","-","-","-","-","-"]
["Área das UPAs com (5.000, 10.000] ha","hectare","-","-","-","-","-"]
["Área das UPAs acima de 10.000 ha","hectare","-","-","-","-","-"]
["Familiares do proprietário que trabalham na UPA","unidade",27,{"v":1,"d":"1.0"},1.3,{"v":3,"d":"3.0"},{"v":35,"d":"35.0"}]
["Trabalhadores permanentes","unidade",28,{"v":1,"d":"1.0"},{"v":3.29,"d":"3.3"},{"v":9,"d":"9.0"},{"v":92,"d":"92.0"}]
["Fonte: Secretaria de Agricultura e Abastecimento, CDRS/IEA, Projeto LUPA."]
[]
["TABELA 450.2 - Explorações Animais, Município de Potim, Estado de São Paulo, 2007/08."]
["ITEM","UNIDADE","N.DE UPAs","MÍNIMO","MÉDIO","MÁXIMO","TOTAL"]
["Asininos E Muares","cabeças",16,{"v":1,"d":"1.0"},{"v":1.38,"d":"1.4"},{"v":5,"d":"5.0"},{"v":22,"d":"22.0"}]
["Avicultura de Corte","cabeças/ano",1,{"v":1,"d":"1.0"},{"v":1,"d":"1.0"},{"v":1,"d":"1.0"},{"v":1,"d":"1.0"}]
["Bovinocultura de Corte","cabeças",16,{"v":15,"d":"15.0"},{"v":399.63,"d":"399.6"},{"v":2500,"d":"2,500.0"},{"v":6394,"d":"6,394.0"}]
["Bovinocultura Leiteira","cabeças",12,{"v":20,"d":"20.0"},148.5,{"v":600,"d":"600.0"},{"v":1782,"d":"1,782.0"}]
["Bubalinocultura","cabeças",1,{"v":99,"d":"99.0"},{"v":99,"d":"99.0"},{"v":99,"d":"99.0"},{"v":99,"d":"99.0"}]
["Equinocultura","cabeças",23,{"v":1,"d":"1.0"},{"v":3.35,"d":"3.4"},{"v":30,"d":"30.0"},{"v":77,"d":"77.0"}]
["Fonte: Secretaria de Agricultura e Abastecimento, CDRS/IEA, Projeto LUPA."]
[]
["TABELA 450.3 -  Máquinas, Implementos e Benfeitorias, Município de Potim, Estado de São Paulo, 2007/08."]
["ITEM","UNIDADE","N.DE UPAs","MÍNIMO","MÉDIO","MÁXIMO","TOTAL"]
["Arado Comum (Bacia, Aiveca)","Unidade",7,{"v":1,"d":"1.0"},{"v":1.29,"d":"1.3"},{"v":2,"d":"2.0"},{"v":9,"d":"9.0"}]
["Arado Escarificador","Unidade",3,{"v":1,"d":"1.0"},{"v":1.67,"d":"1.7"},{"v":2,"d":"2.0"},{"v":5,"d":"5.0"}]
["Colhedeira Acoplada","Unidade",4,{"v":1,"d":"1.0"},{"v":1,"d":"1.0"},{"v":1,"d":"1.0"},{"v":4,"d":"4.0"}]
["Colhedeira Automotriz","Unidade",1,{"v":2,"d":"2.0"},{"v":2,"d":"2.0"},{"v":2,"d":"2.0"},{"v":2,"d":"2.0"}]
["Desintegrador, Picador, Triturador","Unidade",18,{"v":1,"d":"1.0"},{"v":1.39,"d":"1.4"},{"v":3,"d":"3.0"},{"v":25,"d":"25.0"}]
["Distribuidor de Calcário","Unidade",4,{"v":1,"d":"1.0"},{"v":1.25,"d":"1.3"},{"v":2,"d":"2.0"},{"v":5,"d":"5.0"}]
["Ensiladeira","Unidade",8,{"v":1,"d":"1.0"},{"v":1.13,"d":"1.1"},{"v":2,"d":"2.0"},{"v":9,"d":"9.0"}]
["Grade Aradora (Tipo Romi)","Unidade",9,{"v":1,"d":"1.0"},{"v":1.11,"d":"1.1"},{"v":2,"d":"2.0"},{"v":10,"d":"10.0"}]
["Grade Niveladora","Unidade",6,{"v":1,"d":"1.0"},{"v":1.83,"d":"1.8"},{"v":3,"d":"3.0"},{"v":11,"d":"11.0"}]
["Implementos para Tração Animal","Unidade",3,{"v":1,"d":"1.0"},{"v":1.33,"d":"1.3"},{"v":2,"d":"2.0"},{"v":4,"d":"4.0"}]
["Microtrator","Unidade",1,{"v":1,"d":"1.0"},{"v":1,"d":"1.0"},{"v":1,"d":"1.0"},{"v":1,"d":"1.0"}]
["Misturador de Ração","Unidade",2,{"v":1,"d":"1.0"},{"v":1,"d":"1.0"},{"v":1,"d":"1.0"},{"v":2,"d":"2.0"}]
["Ordenhadeira Mecânica","Unidade",7,{"v":1,"d":"1.0"},{"v":1.14,"d":"1.1"},{"v":2,"d":"2.0"},{"v":8,"d":"8.0"}]
["Pulverizador Tratorizado","Unidade",3,{"v":1,"d":"1.0"},{"v":1,"d":"1.0"},{"v":1,"d":"1.0"},{"v":3,"d":"3.0"}]
["Resfriador de Leite, Tanque Expansão","Unidade",9,{"v":1,"d":"1.0"},{"v":1.11,"d":"1.1"},{"v":2,"d":"2.0"},{"v":10,"d":"10.0"}]
["Roçadeira Costal","Unidade",2,{"v":1,"d":"1.0"},{"v":1,"d":"1.0"},{"v":1,"d":"1.0"},{"v":2,"d":"2.0"}]
["Roçadeira Tratorizada","Unidade",4,{"v":1,"d":"1.0"},{"v":1,"d":"1.0"},{"v":1,"d":"1.0"},{"v":4,"d":"4.0"}]
["Semeadeira/Adubadeira para Plantio Convencional","Unidade",5,{"v":1,"d":"1.0"},{"v":1,"d":"1.0"},{"v":1,"d":"1.0"},{"v":5,"d":"5.0"}]
["Semeadeira/Plantadeira Plantio Direto","Unidade",2,{"v":1,"d":"1.0"},{"v":1,"d":"1.0"},{"v":1,"d":"1.0"},{"v":2,"d":"2.0"}]
["Trator de Pneus","Unidade",16,{"v":1,"d":"1.0"},{"v":1.75,"d":"1.8"},{"v":3,"d":"3.0"},{"v":28,"d":"28.0"}]
["Açude/Represa","Unidade",11,{"v":1,"d":"1.0"},{"v":2.91,"d":"2.9"},{"v":6,"d":"6.0"},{"v":32,"d":"32.0"}]
["Almoxarifado/Oficina","Unidade",9,{"v":1,"d":"1.0"},{"v":1.11,"d":"1.1"},{"v":2,"d":"2.0"},{"v":10,"d":"10.0"}]
["Armazém para Grãos Ensacados","Sacas",1,{"v":1,"d":"1.0"},{"v":1,"d":"1.0"},{"v":1,"d":"1.0"},{"v":1,"d":"1.0"}]
["Barracão/Galpão/Garagem","Unidade",14,{"v":1,"d":"1.0"},{"v":1.14,"d":"1.1"},{"v":3,"d":"3.0"},{"v":16,"d":"16.0"}]
["Casa de Moradia Habitada","Unidade",29,{"v":1,"d":"1.0"},2.1,{"v":5,"d":"5.0"},{"v":61,"d":"61.0"}]
["Casa de Moradia Total","Unidade",29,{"v":1,"d":"1.0"},{"v":2.76,"d":"2.8"},{"v":6,"d":"6.0"},{"v":80,"d":"80.0"}]
["Curral/Mangueira","Unidade",25,{"v":1,"d":"1.0"},{"v":1.12,"d":"1.1"},{"v":2,"d":"2.0"},{"v":28,"d":"28.0"}]
["Depósito/Tulha","Unidade",7,{"v":1,"d":"1.0"},{"v":1,"d":"1.0"},{"v":1,"d":"1.0"},{"v":7,"d":"7.0"}]
["Estábulo","Unidade",10,{"v":1,"d":"1.0"},1.2,{"v":2,"d":"2.0"},{"v":12,"d":"12.0"}]
["Fábrica de Ração","Unidade",1,{"v":1,"d":"1.0"},{"v":1,"d":"1.0"},{"v":1,"d":"1.0"},{"v":1,"d":"1.0"}]
["Instalações para Equinos","Unidade",1,{"v":20,"d":"20.0"},{"v":20,"d":"20.0"},{"v":20,"d":"20.0"},{"v":20,"d":"20.0"}]
["Pocilga","Unidade",1,{"v":1,"d":"1.0"},{"v":1,"d":"1.0"},{"v":1,"d":"1.0"},{"v":1,"d":"1.0"}]
["Poço Semi-Artesiano","Unidade",9,{"v":1,"d":"1.0"},{"v":1.11,"d":"1.1"},{"v":2,"d":"2.0"},{"v":10,"d":"10.0"}]
["Silo para Grãos","t",1,{"v":25,"d":"25.0"},{"v":25,"d":"25.0"},{"v":25,"d":"25.0"},{"v":25,"d":"25.0"}]
["Silo para Silagem","t",12,{"v":250,"d":"250.0"},612.5,{"v":1000,"d":"1,000.0"},{"v":7350,"d":"7,350.0"}]
["Terreiro","m²",2,{"v":1,"d":"1.0"},{"v":1,"d":"1.0"},{"v":1,"d":"1.0"},{"v":2,"d":"2.0"}]
["Fonte: Secretaria de Agricultura e Abastecimento, CDRS/IEA, Projeto LUPA."]
[]
["TABELA 450.4 - Outras Estatísticas Agrícolas, Município de Potim, Estado de São Paulo, 2007/08."]
["ITEM","Número de UPAs",null,"Percentual"]
["Faz Parte de Associação de Produtores",17,null,{"v":51.51515151515151,"d":"51.5"}]
["Faz Parte de Cooperativa de Produtores",22,null,{"v":66.66666666666667,"d":"66.7"}]
["Faz Parte do Sindicato de Produtores",19,null,{"v":57.57575757575757,"d":"57.6"}]
["Não utiliza assistência técnica ",8,null,{"v":24.242424242424242,"d":"24.2"}]
["Utiliza somente assistência técnica governamental ",0,null,{"v":0,"d":"0.0"}]
["Utiliza somente assistência técnica privada ",10,null,{"v":30.303030303030305,"d":"30.3"}]
["Utiliza assistência técnica tanto governamental quanto privada",15,null,{"v":45.45454545454546,"d":"45.5"}]
["Utiliza Crédito Rural",3,null,{"v":9.090909090909092,"d":"9.1"}]
["Utiliza Seguro Rural",1,null,{"v":3.0303030303030303,"d":"3.0"}]
["Utiliza Escrituração Agrícola",17,null,{"v":51.51515151515151,"d":"51.5"}]
["Acessa Internet p/ Fins na Agropecuária",4,null,{"v":12.121212121212123,"d":"12.1"}]
["Utiliza Computador nas Atividades Agropecuárias",5,null,{"v":15.15151515151515,"d":"15.2"}]
["Utiliza Energia Elétrica Para Uso na Atividade Agrícola",28,null,{"v":84.84848484848484,"d":"84.8"}]
["Realiza Análise de Solo, quando necessário",16,null,{"v":48.48484848484849,"d":"48.5"}]
["Utiliza Práticas de Conservação de Solo, quando necessário",1,null,{"v":3.0303030303030303,"d":"3.0"}]
["Faz Adubação Mineral, quando necessário",26,null,{"v":78.7878787878788,"d":"78.8"}]
["Faz Adubação Orgânica, quando necessário",19,null,{"v":57.57575757575757,"d":"57.6"}]
["Faz Adubação Verde, quando necessário","-",null,"-"]
["Utiliza Manejo Integrado de Pragas (MIP)","-",null,"-"]
["Utiliza Hidroponia","-",null,"-"]
["Utiliza Plasticultura","-",null,"-"]
["Utiliza Mudas Fiscalizadas","-",null,"-"]
["Utiliza Semente Melhorada",22,null,{"v":66.66666666666667,"d":"66.7"}]
["Faz Confinamento de Bovinos","-",null,"-"]
["Utiliza Pastejo Intensivo",2,null,{"v":6.0606060606060606,"d":"6.1"}]
["Faz Inseminação Artificial",3,null,{"v":9.090909090909092,"d":"9.1"}]
["Faz Mineralização do Rebanho",27,null,{"v":81.81818181818181,"d":"81.8"}]
["Faz Vermifugação do Rebanho",27,null,{"v":81.81818181818181,"d":"81.8"}]
["Possui Parceiros /Arrendatários na Exploração Animal",2,null,{"v":6.0606060606060606,"d":"6.1"}]
["Esporte e lazer",4,null,{"v":12.121212121212123,"d":"12.1"}]
["Extração mineral","-",null,"-"]
["Hotel Fazenda, Pousada ou SPA","-",null,"-"]
["Pesque-pague","-",null,"-"]
["Restaurante ou Lanchonete","-",null,"-"]
["Transformação artesanal","-",null,"-"]
["Turismo rural ou ecoturismo","-",null,"-"]
["Outras atividades econômicas rurais",1,null,{"v":3.0303030303030303,"d":"3.0"}]
["Agroindústria","-",null,"-"]
["Proprietário sem instrução ou com instrução incompleta","-",null,"-"]
["Proprietário com antigo primário completo",5,null,{"v":15.15151515151515,"d":"15.2"}]
["Proprietário com 1° grau (ou antigo ginasial) completo",2,null,{"v":6.0606060606060606,"d":"6.1"}]
["Proprietário com 2° grau (ou antigo colegial) completo",13,null,{"v":39.3939393939394,"d":"39.4"}]
["Proprietário com curso superior completo ",12,null,{"v":36.36363636363637,"d":"36.4"}]
["Pessoa Jurídica",1,null,{"v":3.0303030303030303,"d":"3.0"}]
["Proprietário residente na própria UPA ",4,null,{"v":12.121212121212123,"d":"12.1"}]
["Fonte: Secretaria de Agricultura e Abastecimento, CDRS/IEA, Projeto LUPA."]
[]
["TABELA 450.5 - Área Cultivada, Município de Potim, Estado de São Paulo, 2007/08."]
["CULTURA","N.DE UPAs","MÍNIMO","MÉDIO","MÁXIMO","TOTAL"]
["Braquiaria",32,{"v":2,"d":"2.0"},{"v":130.77,"d":"130.8"},{"v":688,"d":"688.0"},{"v":4184.6,"d":"4,184.6"}]
["Arroz",5,{"v":20,"d":"20.0"},70.4,{"v":120,"d":"120.0"},{"v":352,"d":"352.0"}]
["Eucalipto",4,0.5,{"v":61.13,"d":"61.1"},{"v":242,"d":"242.0"},244.5]
["Outras gramineas para pastagem",1,{"v":230,"d":"230.0"},{"v":230,"d":"230.0"},{"v":230,"d":"230.0"},{"v":230,"d":"230.0"}]
["Capim-napier (ou capim-elefante)",17,{"v":1,"d":"1.0"},{"v":6.06,"d":"6.1"},{"v":40,"d":"40.0"},{"v":103,"d":"103.0"}]
["Milho-silagem",3,{"v":10,"d":"10.0"},{"v":23.33,"d":"23.3"},{"v":30,"d":"30.0"},{"v":70,"d":"70.0"}]
["Cana-de-acucar",18,0.5,{"v":3.06,"d":"3.1"},{"v":6,"d":"6.0"},{"v":55,"d":"55.0"}]
["Sorgo-forrageiro",2,2.5,{"v":9.75,"d":"9.8"},{"v":17,"d":"17.0"},19.5]
["Coloniao",2,{"v":8,"d":"8.0"},8.5,{"v":9,"d":"9.0"},{"v":17,"d":"17.0"}]
["Milho",1,{"v":15,"d":"15.0"},{"v":15,"d":"15.0"},{"v":15,"d":"15.0"},{"v":15,"d":"15.0"}]
["Gramas",3,{"v":1,"d":"1.0"},{"v":3.17,"d":"3.2"},{"v":7,"d":"7.0"},9.5]
["Lichia",1,{"v":4,"d":"4.0"},{"v":4,"d":"4.0"},{"v":4,"d":"4.0"},{"v":4,"d":"4.0"}]
["Fonte: Secretaria de Agricultura e Abastecimento, CDRS/IEA, Projeto LUPA."]